000 00338nam a2200133Ia 4500
005 20251222155127.0
008 251222s9999||||xx |||||||||||||| ||spa||
082 _aINV.48
100 _aPolit Hungler
245 0 _aInvestigación científica en ciencias de la salud
250 _a6ta. ed.
264 _bMc Graw Hill Inter.
942 _cLIB
999 _c38652
_d38652